Score 0/9 Timer 02:00
4 Plays Today
% Correct
Rwanda
93.2%
Angola
92.6%
South Sudan
90.2%
Uganda
90.1%
Tanzania
89.8%
Central African Republic
89.5%
Republic of Congo
88.6%
Burundi
88.1%
Zambia
87.7%
Remove Ads.
Support Sporcle.
Get the best of Sporcle when you Go Orange. This ad-free experience offers more features, more stats, and more fun while also helping to support Sporcle. Thank you for becoming a member.

You're not logged in!

Compare scores with friends on all Sporcle quizzes.
OR
Log In

Show Comments

Extras

Top Quizzes Today


Score Distribution

Your Account Isn't Verified!

In order to create a playlist on Sporcle, you need to verify the email address you used during registration. Go to your Sporcle Settings to finish the process.

Report this User

Report this user for behavior that violates our Community Guidelines.

Details: